000 00204nam a2200085Ia 4500
942 _cBK
245 0 _aGANGS RITUALS & RITES OF PASSAGE
100 _aPINNOCK DON
008 210804s9999 xx 000 0 und d
999 _c39016
_d39015